00841nam a2200205Ia 4500008004100000020002200041050002000063100002000083245008300103250001100186260002300197300001800220500019700238650000900435650001300444700003600457942001200493952011300505999001700618120626s9999 xx 000 0 und d0 a978-0-7148-9870-404aN5300 G643 19971 aGOMBRICH, E. H.10aLa historia del arte cErnst Hans Gombrich; traductor, Rafael Santos Torroella a16a Ed aMéxico bPhaidon a688 páginas aContiene: Índice de capítulos Prefacio Introducción Nota sobre libros de arte Tablas cronológicas Mapas Directorio de museos y galerías de las ilustraciones Índice Agradecimientos17aARTE17aHISTORIA1 aSANTOS TORROELLA, Rafael, trad. 2ddccLB 00104070a07b07d2011-09-27l10m1oN5300 G643 1997p07 002106r2017-02-28s2017-02-28t1w2012-06-26yLB c67129d67129